Shake It Out Lyrics (Florence + the Machine) - Statistics

General Stats
  • This quiz has been taken 466 times
    27 since last reset
  • The average score is 357 of 412
Answer Stats
Lyrics % Correct
a
100%
and
100%
can
100%
I
100%
it
100%
it's
100%
of
100%
out
100%
shake
100%
so
100%
the
100%
devil
95%
my
95%
no
95%
on
95%
to
95%
your
95%
dance
90%
I'm
90%
in
90%
like
90%
me
90%
off
90%
see
90%
way
90%
with
90%
back
85%
before
85%
cause
85%
dark
85%
darkest
85%
for
85%
hard
85%
moments
85%
old
85%
all
80%
do
80%
friends
80%
him
80%
Regrets
80%
then
80%
always
75%
blind
75%
but
75%
collect
75%
dawn
75%
every
75%
fool
75%
gonna
75%
ground
75%
heart
75%
heaven
75%
here
75%
horse
75%
issues
75%
I've
75%
keep
75%
looking
75%
never
75%
relive
75%
that
75%
around
70%
been
70%
behind
70%
cut
70%
demon
70%
leave
70%
past
70%
take
70%
tonight
70%
any
65%
bury
65%
come
65%
dragging
65%
let
65%
romance
65%
some
65%
sound
65%
am
60%
done
60%
don't
60%
flesh
60%
graceless
60%
hell
60%
his
60%
if
60%
mournful
60%
myself
60%
play
60%
restart
60%
things
60%
wants
60%
what
60%
would
60%
at
55%
chance
55%
damned
55%
end
55%
fine
55%
found
55%
happen
55%
left
55%
pound
55%
such
55%
ghouls
50%
ready
50%
shot
50%
suffer
50%
here's
45%
drinks
40%
given
40%
half
40%
road
40%
strong
40%
throat
40%
right
35%
undone
35%
questions
30%
hope
25%
aimed
20%
No matching quizzes found
Score Distribution
Percent of People with Each Score
Percentile by Number Answered
Your Score History
You have not taken this quiz since the last reset